000 00437nam a2200169Ia 4500
008 230917s9999||||xx |||||||||||||| ||und||
020 _cRS19.95
040 _e12120
_aMAIN
041 _aEnglish
082 _a001.64 S73D
100 _aSprague, Ralph H, ed.
245 0 _aDecision support systems: putting theory into practice
250 _a3rd ed.
260 _aNew Jersey
_bPrentice Hall
_c1993
300 _ax,437 p.
942 _cBK
999 _c76822
_d76822